Vida del pícaro Guzmán de Alfarache Tomo I

Spremljeno u:
Bibliografski detalji
Glavni autor: Alemán, Mateo
Format: Knjiga
Jezik:Undetermined
Izdano: Buenos Aires, Argentina Sopena 1941
Teme:
Oznake: Dodaj oznaku
Bez oznaka, Budi prvi tko označuje ovaj zapis!

MARC

LEADER 00000nam a2200000Ia 4500
008 170316s9999 xx 000 0 und d
040 |a cru BVZT 
090 |a 862 A-15v v.1 
100 |a Alemán, Mateo 
245 |a Vida del pícaro Guzmán de Alfarache Tomo I 
260 |a Buenos Aires, Argentina 
260 |b Sopena 
260 |c 1941 
300 |a 190 páginas 
650 |a LITERATURA ESPAÑOLA 
999 |c 9371  |d 9371 
942 |c 15 D  |h 862 A-15v v.1  |2 z